Practical intelligence : working smarter in business and everyday life /

Bibliographic Details
Main Author: Peters, Roger
Format: Book
Language:English
Published: New York, N.Y. : Harper & Row, [1987]
Edition:1st ed.
Subjects:

MARC

Tag First Indicator Second Indicator Subfields
LEADER 00000pam a2200000 a 4500
001 in00000596459
005 20151014091142.0
008 861211s1987 nyu b 00110 eng
010 |a  86046096  
020 |a 0060156813 :  |c $17.95 
035 |a (OCoLC)15018408 
035 |9 ACQ7709AM 
040 |a DLC  |c DLC  |d TXA  |d UtOrBLW 
049 |a TXAM  |c [A10751870] 
050 0 0 |a HD38.2  |b .P47 1987 
082 0 |a 650.1  |2 19 
100 1 |a Peters, Roger. 
245 1 0 |a Practical intelligence :  |b working smarter in business and everyday life /  |c Roger Peters. 
250 |a 1st ed. 
264 1 |a New York, N.Y. :  |b Harper & Row,  |c [1987] 
264 4 |c ©1987 
300 |a x, 341 pages ;  |c 25 cm. 
336 |a text  |b txt  |2 rdacontent 
337 |a unmediated  |b n  |2 rdamedia 
338 |a volume  |b nc  |2 rdacarrier 
500 |a Includes index. 
504 |a Bibliography: pages 306-336. 
650 0 |a Executive ability. 
650 0 |a Personality and intelligence. 
650 0 |a Practical judgment. 
650 0 |a Success in business. 
999 |a MARS 
999 f f |s b2f8e8b5-e34f-3747-9ab9-dcd08c64bad7  |i 759d9f15-3441-3b27-8ac5-52f3cc7d1b2e  |t 0 
952 f f |p ric  |a Texas A&M University  |b Rellis Campus  |c Joint Library Facility  |d Remote Storage  |t 0  |e HD38.2 .P47 1987  |h Library of Congress classification  |i unmediated -- volume  |m A14810751870 
998 f f |a HD38.2 .P47 1987  |t 0  |l Remote Storage